书目信息 |
| 题名: |
水处理药剂及材料实用手册
|
|
| 作者: | 祁鲁梁 , 李永存 , 张莉 主编 | |
| 分册: | ||
| 出版信息: | 北京 中国石化出版社 2006.06 |
|
| 页数: | 769页 | |
| 开本: | 26cm | |
| 丛书名: | ||
| 单 册: | ||
| 中图分类: | TU991.2-62 | |
| 科图分类: | ||
| 主题词: | 水处理料剂--shui chu li liao ji--手册 | |
| 电子资源: | ||
| ISBN: | 7-80229-041-4 | |
| 000 | 01032nam0 2200277 450 | |
| 001 | 012007249609 | |
| 005 | 20071228141519.53 | |
| 010 | @a7-80229-041-4@dCNY118.00 | |
| 100 | @a20071228d2006 km y0chiy0120 ea | |
| 101 | 0 | @achi |
| 102 | @aCN@b110000 | |
| 105 | @aa a 000yy | |
| 106 | @ar | |
| 200 | 1 | @a水处理药剂及材料实用手册@Ashui chu li yao ji ji cai liao shi yong shou ce@f祁鲁梁, 李永存, 张莉主编@Fqi lu liang,li yong cun,zhang li zhu bian |
| 205 | @a第2版 | |
| 210 | @a北京@c中国石化出版社@d2006.06 | |
| 215 | @a769页@c图@d26cm | |
| 320 | @a有书目。 | |
| 330 | @a本书收集了400余种水处理药剂及用于水处理的离子交换树脂、膜、活性炭和水处理用催化剂等材料,涉及给水、排水、循环冷却水、锅炉用水、油田用水和民用建筑及生活消费用水等各种药剂及材料。 | |
| 606 | 0 | @a水处理料剂@Ashui chu li liao ji@j手册 |
| 690 | @aTU991.2-62@v4 | |
| 701 | 0 | @a祁鲁梁@Aqi lu liang@4主编 |
| 701 | 0 | @a李永存@Ali yong cun@4主编 |
| 701 | 0 | @a张莉@Azhang li@4主编 |
| 801 | 0 | @aCN@bQSSK@c20071228 |
| 905 | @b273703@dTU991.2-62@eQ094@f1 | |
| 水处理药剂及材料实用手册/祁鲁梁, 李永存, 张莉主编.-第2版.-北京:中国石化出版社,2006.06 |
| 769页:图;26cm |
| ISBN 7-80229-041-4:CNY118.00 |
| 本书收集了400余种水处理药剂及用于水处理的离子交换树脂、膜、活性炭和水处理用催化剂等材料,涉及给水、排水、循环冷却水、锅炉用水、油田用水和民用建筑及生活消费用水等各种药剂及材料。 |
| ● |
| 相关链接 |
|
|
|
正题名:水处理药剂及材料实用手册
索取号:TU991.2-62/Q094
 
预约/预借
| 序号 | 登录号 | 条形码 | 馆藏地/架位号 | 状态 | 备注 |
| 1 | 273703 | 202737039 | 建筑库201/201建筑库 132排2列6层/ [索取号:TU991.2-62/Q094] | 在馆 |